La pérdida de investidura : de congresistas, diputados, concejales y ediles /

Gespeichert in:
Bibliographische Detailangaben
1. Verfasser: Poveda Perdomo, Alberto (autor)
Weitere Verfasser: Poveda Perdomo, Guillermo (autor) (autor)
Format: Buch
Sprache:Spanisch
Veröffentlicht: Bogotá, Colombia : Leyer, 2002, c2002
Schlagworte:
Tags: Tag hinzufügen
Keine Tags, Fügen Sie das erste Tag hinzu!

MARC

LEADER 00000nam^a2200000^a^4500
001 000173904
005 20250521000000.0
009 20260310101511.991
020 |a 958-690-403-2 
037 |a Acervo ITESO - Biblioteca 
041 |a ESP 
082 |a 342. 86105  |b POV 
100 |a Poveda Perdomo, Alberto  |e (autor) 
245 1 3 |a La pérdida de investidura :  |b de congresistas, diputados, concejales y ediles /  |c A. Poveda Perdomo, G. Poveda Perdomo. 
264 4 |a Bogotá, Colombia :  |b Leyer,  |c 2002, c2002 
300 |a 154 p. 
336 |a texto  |b txt  |2 rdacontenido 
337 |a sin mediación  |b n  |2 rdamedio 
338 |a volumen  |b nc  |2 rdasoporte 
649 |a XX 
650 |a Legisladores Colombianos -  |x Condiciones Jurídicas 
650 |a Funcionarios Públicos Colombianos -  |x Condiciones Jurídicas 
650 |a Juicio Político -  |z Colombia 
650 |a Poder Legislativo -  |z Colombia -  |x Privilegios e Inmunidades 
650 |a Poder Judicial -  |z Colombia 
650 |a Derecho Político -  |z Colombia 
650 |a Derecho Constitucional -  |z Colombia 
650 |a Derecho Público -  |z Colombia 
700 |a Poveda Perdomo, Guillermo  |e (autor) 
910 |a Fondo General 
920 |a Impresos - Libros 
930 |a Colección General 
905 |a 101 
901 |a 0500111283  |b IT1  |c ACC  |u 20250521 
902 |a https://opac.biblio.iteso.mx/vufind/Record/000173904